000 00593nam a2200193 i 4500
001 114058
003 ES-MaACL
005 20230906190052.0
007 t|
008 061121s1921 sp r |||| | spa d
080 _a94(430)"1918"
100 1 _aNoske, Gustav.
_9159078
245 1 3 _aLa revolución alemana /
_cGustavo Noske ; traducción de M. Reventós.
260 _aBarcelona :
_b[s.n.],
_c1921 (
_fIndustrias Gráficas)
300 _a291 p. ;
_c19 cm.
651 4 _aAlemania-
_xHistoria-
_y1918, Revolución.
_97662
700 1 _aReventós, Manuel.
_996407
852 _aES-MaACL
_jF-2346
999 _c114058
_d114058